دور العقل فى التربية الاسلامية عند اين حبان البستى من خلال كتابة روضة العقلاء ونزهةالفضلاء
Saved in:
| Main Author: | |
|---|---|
| Other Authors: | |
| Format: | Thesis |
| Language: | Arabic |
| Published: |
مكة مكرمة
: جامعة ام قرى،
1983?
|
| Subjects: | |
| Tags: |
Add Tag
No Tags, Be the first to tag this record!
|
| LEADER | 013650000a22003250004500 | ||
|---|---|---|---|
| 001 | 43204 | ||
| 005 | 20100329144000.0 | ||
| 008 | 920926s1983 ara | ||
| 035 | |a 195742 | ||
| 035 | |a (Sirsi) 43204 | ||
| 040 | |a UIAM |b eng | ||
| 049 | |b m | ||
| 050 | |a BJ1291 | ||
| 100 | 1 | |a زهد، عبد كريم محمد احمد | |
| 245 | 1 | 0 | |a دور العقل فى التربية الاسلامية عند اين حبان البستى من خلال كتابة روضة العقلاء ونزهةالفضلاء |
| 246 | 0 | 0 | |a Dawr al-'aql fi al-tarbiyah al-Islamiyah 'inda Ibn Hibban al-Busti min khilal kitabat Rawdat al-'uqala' wa-nuzhat al-fudala' / |c i'dad 'Abd al-Karim Muhammad Ahmad Zuhud; ishraf 'Abd al-Rahman Salih 'Abd Allah |
| 260 | 1 | |a مكة مكرمة |b : جامعة ام قرى، |c 1983? | |
| 300 | |a 281 p. | ||
| 502 | |a (M.A.)--Kulliyat al-Tarbiyah, Jami'ah Umm al-Qura | ||
| 533 | |a One copy | ||
| 596 | |a 1 | ||
| 600 | 2 | 0 | |a Ibn Hibban, Muhammad, |d d. 965 |
| 650 | 0 | |a Ethics, Islamic | |
| 650 | 0 | |a Islam and reason | |
| 655 | 0 | 7 | |a Theses, non-IIUM |
| 700 | 1 | |a Zuhud, 'Abd al-Karim Muhammad Ahmad | |
| 710 | 2 | |a Jami'at Umm al-Qura. |b Kulliyat al-Tarbiyah | |
| 900 | |a bal-khs | ||
| 999 | |c 429853 |d 461344 | ||
| 952 | |0 0 |6 T BJ 001291 Z94D |7 0 |8 THESES |9 748753 |a IIUM |b IIUM |c MULTIMEDIA |g 0.00 |o t BJ1291Z94D |p 00000145526 |r 2017-10-17 |t 1 |v 0.00 |y THESIS | ||
